Регионална библиотека "Любен Каравелов" - Русе

Отдел за убийства (Запис номер 119321)

MARC детайли
000 -Лидер
Контролно поле с фиксирана дължина 02477nam a2200457 c 4500
003 - Код на организацията, давaща контролен номер
Контролно поле BLK
005 - Дата и час на последна редакция
Контролно поле 20250514090120.0
008 - Елементи от данни с фиксирана дължина
fixed length control field 180409b bul|||||r ||||||| ||bul||
010 ## - Наследен системен номер
LC control number KNG00124936000
020 ## - Международен стандартен номер на книга ISBN
Международен стандартен номер на книга ISBN 978-954-92448-8-5
040 ## - Източник на каталожния запис
Идентификатор на билиотеката - собственик на записа BLK
041 ## - Код за език
Код за езика на текст/звукозапис или на отделно заглавие Български
Код за езика КДБФ Български
072 #7 - Код за тематичната категория
Код организация bullib
Код за тематична категория Н32
Текст Политика Н
080 ## - УДК
Текстов определител УДК Политическо преследване. Терористични действия. Тероризъм - Атентати, политически убийства. Вж и 343.1 ; 343.3/.7
УДК код - определител по УДК 323.28
УДК определител (497.2)(093.2)
УДК - код + определител 323.28(497.2)(093.2)
080 ## - УДК
Текстов определител УДК Органи на обществения ред. Полиция. Обществена власт. Доброволни отреди. Държавна сигурност. Милиция. Дейност на полицията по вътрешно разузнаване
УДК код - определител по УДК 351.74
УДК определител (497.2)(093.2)
УДК - код + определител 351.74(497.2)(093.2)
080 ## - УДК
Текстов определител УДК Биографии
УДК код - определител по УДК 929
УДК определител (497.2)
УДК - код + определител 929(497.2)
100 1# - Редна дума - Автор
Автор Димитрова, Алексения
Авторска отговорност първи автор
R(LIN) 286349
139 ## - Редно поле
Редна дума Димитрова, Алексения
Авторски знак Дими - Д 58
245 10 - Сведения за заглавието
Заглавие Отдел за убийства
Подзаглавни данни Тайната история на секретна Служба 7, създадена през 1963 г.
Редно поле (дума) Алексения Димитрова; * Алексения Димитрова Куртева.
257 ## - Страна на издаване
Страна на създаване/издаване България
260 ## - Област на издателските данни
Име на издателя, разпространителя и проч. Вестникарска група България
Година на издаване 2010
Печатница Пловдив : Багра
300 ## - Физическа характеристика
Страници 176 с.
Илюстрации и др. с портр., факс.
Размери/Мащаб 21 см
380 ## - Жанр
Жанр Обществени науки
500 ## - Общи забележки
Забележка Пълното име на авт. е Алексения Димитрова Куртева. - Прил. на 24 часа. - Съдържа и за авт. - Библиогр. с. 173-175.
650 #4 - Допълнително описание по предмет – тема
Основно описание – тема или топоним Държавна сигурност - България
9 (RLIN) 254494
650 #4 - Допълнително описание по предмет – тема
Основно описание – тема или топоним Политически убийства - България - история
9 (RLIN) 248552
651 #4 - Допълнително описание по предмет - топоним
Географско понятие България
9 (RLIN) 241624
653 ## - Ключова дума – ненормативна
Ключова дума държавна сигурност
653 ## - Ключова дума – ненормативна
Ключова дума политически убийства
653 ## - Ключова дума – ненормативна
Ключова дума история
653 ## - Ключова дума – ненормативна
Ключова дума България
659 ## - Тематичен бюлетин
Тематичен бюлетин Н
700 1# - Други автори (авторска отговорност)
Лично име Куртева, Алексения Димитрова
Автороска отговорност (Описва отношението между автора и произведението) *
9 (RLIN) 316148
852 ## - Местоположение
Форматна сигнатура Цб 252501
856 4# - Електронен адрес и достъп
Електронен формат pdf - файл
856 4# - Електронен адрес и достъп
Електронен формат pdf - файл
999 ## - СИСТЕМНИ КОНТРОЛНИ НОМЕРА
Koha biblionumber 119321
Koha biblioitemnumber 119321
942 ## - АРТИКУЛИ
Вид на библиотечния материал Книги
Скрит в OPAC Не
Koha issues (borrowed), all copies 9
944 ## - СЪЗДАВАНЕ И РЕДАКЦИЯ на ЗАПИСА
Създаване/Редакция Създаване
Дата на регистрацията/редакция 17.08.2011
Служител, извършил регистрацията/редакцията 30542
Статус, дата на статуса Русанова Ирена
944 ## - СЪЗДАВАНЕ И РЕДАКЦИЯ на ЗАПИСА
Създаване/Редакция Редакция
Дата на регистрацията/редакция 22.11.2011
999 ## - СИСТЕМНИ КОНТРОЛНИ НОМЕРА
Koha biblioitemnumber 119321
Наличности
Код за отписване Код за изгубен артикул Код за повреда Коз за рестрикции Код за отдаване Артикулен № Име на библиотеката - собственик Име на библиотеката, в която се намира в момента Статус (Текущо местоположение) Дата на вписване в системата Местоположение - отдел Цена в лева Инвентарен номер Систематично азбучна сигнатура Баркод Номер на екземпляра Цена в евро Служебна бележка Служебен тип на артикула Източник на класификационната схема
  Не е изгубен Не е повреден без рестрикции ползва се в читалня 192531 Регионална библиотека "Любен Каравелов" Русе Регионална библиотека "Любен Каравелов" Русе Хранилище 2011-08-16 Хранилище 8.00 120000752323 Цб 252501 120000752323 1 4.09 Дост: Dp Вид: Д N: 6 Дата: 07.02.2011 Книги  
  Не е изгубен Не е повреден без рестрикции заемане за дома 731003 Регионална библиотека "Любен Каравелов" Русе Регионална библиотека "Любен Каравелов" Русе Заемна - подръчен фонд 2019-07-18 Заемна - подръчен фонд 8.00   П 323(497.2)/Д 58 120000834592   4.09   Книги Universal Decimal Classification
Vip Innovations Ltd, Rousse, Bulgaria 2025